| 000 -CABECERA |
| Longitud fija campo de control |
00692nam a22002177a 4500 |
| 003 - IDENTIFICADOR DEL NÚMERO DE CONTROL |
| Identificador del número de control |
OSt |
| 005 - FECHA Y HORA DE LA ÚLTIMA TRANSACCIÓN |
| Fecha y hora de la última transacción |
20131213132047.0 |
| 007 - CAMPO FIJO DE DESCRIPCIÓN FÍSICA |
| Campo fijo de descripción f&íacute;sica |
ta |
| 008 - CÓDIGOS DE INFORMACIÓN DE LONGITUD FIJA |
| Códigos de información de longitud fija |
131030s1975 m ||||| |||| 00| 0 spa d |
| 040 ## - FUENTE DE LA CATALOGACIÓN |
| Centro transcriptor |
CDMR |
| Lengua de catalogación |
cat |
| 100 1# - PUNTO DE ACCESO PRINCIPAL-NOMBRE DE PERSONA |
| 9 (RLIN) |
4198 |
| Nombre de persona |
Marx, Karl |
| Fechas asociadas al nombre |
1818-1883 |
| 245 10 - MENCIÓN DE TÍTULO |
| Título |
Periodismo revolucionario |
| Mención de responsabilidad, etc. |
Carlos Marx, Federico Engels ; versión española de Victoria Pujolar |
| Resto del título |
: La Neue Rheinische Zeitung |
| 260 ## - PUBLICACIÓN, DISTRIBUCIÓN, ETC. (PIE DE IMPRENTA) |
| Lugar de publicación, distribución, etc. |
México |
| Nombre del editor, distribuidor, etc. |
Roca |
| Fecha de publicación, distribución, etc. |
1975 |
| 300 ## - DESCRIPCIÓN FÍSICA |
| Extensión |
168 p. |
| 490 ## - MENCIÓN DE SERIE |
| Mención de serie |
Colección r |
| Designación de volumen o secuencia |
60 |
| 500 ## - NOTA GENERAL |
| Nota general |
Recull d'articles de Marx i Engels. |
| 650 04 - PUNTO DE ACCESO ADICIONAL DE MATERIA - TÉRMINO DE MATERIA |
| 9 (RLIN) |
3470 |
| Término de materia o nombre geográfico como elemento inicial |
Premsa i política |
| 650 04 - PUNTO DE ACCESO ADICIONAL DE MATERIA - TÉRMINO DE MATERIA |
| 9 (RLIN) |
458 |
| Término de materia o nombre geográfico como elemento inicial |
Política |
| Subdivisión de forma |
Reculls d'escrits |
| 700 1# - PUNTO DE ACCESO ADICIONAL - NOMBRE DE PERSONA |
| 9 (RLIN) |
4199 |
| Nombre de persona |
Engels, Friedrich |
| Fechas asociadas al nombre |
1820-1895 |
| 942 ## - ENTRADA DE ELEMENTOS AGREGADOS (KOHA) |
| Fuente de clasificaión o esquema |
|
| Koha [por defecto] tipo de item |
Monografies |